000
00256nam a2200109Ia 4500
008
190216s9999||||xx |||||||||||||| ||und||
100
_a
Saha Tk
245
0
_a
Biostatistics In Theory And Practice
260
_b
Emkay Pubs
_c
1995
300
_a
125p
942
_c
BK
999
_c
1468
_d
1468